[Event "April 9 Late 2024"]
[Site "Chess.com"]
[Date "2024.04.09"]
[Round "5"]
[White "Zimmermann, Ulrich"]
[Black "Ghevondyan, Arman"]
[Result "0-1"]
[Board "77"]
[WhiteFideId "24654523"]
[BlackFideId "13312073"]
[WhiteTitle "FM"]
[BlackTitle "CM"]
[WhiteElo "2455"]
[BlackElo "2642"]
[WhiteTeam "GER"]
[BlackTeam "ARM"]
[WhiteClock "0:00:19"]
[BlackClock "0:00:12"]
[Variant "Standard"]

1. Nf3 {[%clk 0:03:00]}  Nf6 {[%clk 0:02:57]} 2. e3 {[%clk 0:03:01]}  g6 {[%clk 0:02:56]} 3. Be2 {[%clk 0:03:00]}  Bg7 {[%clk 0:02:57]} 4. O-O {[%clk 0:03:00]}  O-O {[%clk 0:02:57]} 5. d4 {[%clk 0:03:01]}  d5 {[%clk 0:02:51]} 6. c4 {[%clk 0:03:02]}  c5 {[%clk 0:02:50]} 7. dxc5 {[%clk 0:03:00]}  dxc4 {[%clk 0:02:50]} 8. Bxc4 {[%clk 0:03:01]}  Qa5 {[%clk 0:02:49]} 9. Nbd2 {[%clk 0:02:43]}  Qxc5 {[%clk 0:02:48]} 10. a3 {[%clk 0:02:43]}  Nc6 {[%clk 0:02:48]} 11. b4 {[%clk 0:02:42]}  Qh5 {[%clk 0:02:46]} 12. Bb2 {[%clk 0:02:41]}  Rd8 {[%clk 0:02:44]} 13. Qb3 {[%clk 0:02:39]}  e6 {[%clk 0:02:41]} 14. Rfd1 {[%clk 0:02:34]}  Bd7 {[%clk 0:02:40]} 15. Nf1 {[%clk 0:02:31]}  b5 {[%clk 0:02:31]} 16. Be2 {[%clk 0:02:27]}  a6 {[%clk 0:02:22]} 17. Ng3 {[%clk 0:01:32]}  Qh6 {[%clk 0:02:21]} 18. Rac1 {[%clk 0:01:27]}  Rac8 {[%clk 0:02:11]} 19. Rc2 {[%clk 0:01:20]}  Nd5 {[%clk 0:02:03]} 20. Bc1 {[%clk 0:01:18]}  Be8 {[%clk 0:01:53]} 21. Bf1 {[%clk 0:00:48]}  Nce7 {[%clk 0:01:33]} 22. e4 {[%clk 0:00:45]}  Nf4 {[%clk 0:01:27]} 23. Rxc8 {[%clk 0:00:41]}  Rxc8 {[%clk 0:01:25]} 24. Qe3 {[%clk 0:00:36]}  e5 {[%clk 0:01:19]} 25. Qa7 {[%clk 0:00:34]}  Kf8 {[%clk 0:01:04]} 26. Be3 {[%clk 0:00:29]}  g5 {[%clk 0:00:53]} 27. Bc5 {[%clk 0:00:26]}  Qe6 {[%clk 0:00:37]} 28. Nf5 {[%clk 0:00:23]}  Ng6 {[%clk 0:00:36]} 29. Nxg5 {[%clk 0:00:21]}  Qb3 {[%clk 0:00:35]} 30. Bxe7+ {[%clk 0:00:18]}  Kg8 {[%clk 0:00:34]} 31. Re1 {[%clk 0:00:17]}  Qc3 {[%clk 0:00:30]} 32. Re3 {[%clk 0:00:17]}  Qa1 {[%clk 0:00:25]} 33. Bc5 {[%clk 0:00:17]}  Rd8 {[%clk 0:00:22]} 34. Ng3 {[%clk 0:00:17]}  Nf4 {[%clk 0:00:19]} 35. Rf3 {[%clk 0:00:17]}  Rd1 {[%clk 0:00:18]} 36. h4 {[%clk 0:00:18]}  Rxf1+ {[%clk 0:00:13]} 37. Nxf1 {[%clk 0:00:17]}  Ne2+ {[%clk 0:00:14]} 38. Kh2 {[%clk 0:00:18]}  Qxf1 {[%clk 0:00:15]} 39. Qe7 {[%clk 0:00:16]}  Qg1+ {[%clk 0:00:15]} 40. Kh3 {[%clk 0:00:17]}  Qh1+ {[%clk 0:00:13]} 41. Kg4 {[%clk 0:00:18]}  Qxg2+ {[%clk 0:00:13]} 42. Rg3 {[%clk 0:00:19]}  h5+ {[%clk 0:00:11]} 43. Kxh5 {[%clk 0:00:19]}  Nf4+ {[%clk 0:00:11]} 44. Kg4 {[%clk 0:00:19]}  f5+ {[%clk 0:00:12]} 45. exf5 {[%clk 0:00:19]}  Bh5# {[%clk 0:00:12]} 0-1

[Event "April 9 Late 2024"]
[Site "Chess.com"]
[Date "2024.04.09"]
[Round "5"]
[White "Danielian, Vardan"]
[Black "Seder, Mohammed"]
[Result "1/2-1/2"]
[Board "86"]
[WhiteFideId "13301594"]
[BlackFideId "11505567"]
[WhiteTitle "FM"]
[BlackTitle "FM"]
[WhiteElo "2621"]
[BlackElo "2438"]
[WhiteTeam "ARM"]
[BlackTeam "PLE"]
[WhiteClock "0:00:14"]
[BlackClock "0:00:11"]
[Variant "Standard"]

1. Nf3 {[%clk 0:03:00]}  Nf6 {[%clk 0:02:56]} 2. d4 {[%clk 0:02:59]}  g6 {[%clk 0:02:57]} 3. g3 {[%clk 0:02:58]}  Bg7 {[%clk 0:02:58]} 4. Bg2 {[%clk 0:02:59]}  d5 {[%clk 0:02:38]} 5. O-O {[%clk 0:02:59]}  c6 {[%clk 0:02:39]} 6. c4 {[%clk 0:02:59]}  O-O {[%clk 0:02:39]} 7. cxd5 {[%clk 0:02:59]}  cxd5 {[%clk 0:02:40]} 8. Ne5 {[%clk 0:03:00]}  Nc6 {[%clk 0:02:37]} 9. Nc3 {[%clk 0:03:00]}  e6 {[%clk 0:02:25]} 10. f4 {[%clk 0:02:58]}  Bd7 {[%clk 0:02:24]} 11. Be3 {[%clk 0:02:57]}  a6 {[%clk 0:02:17]} 12. Rc1 {[%clk 0:02:53]}  Rc8 {[%clk 0:02:16]} 13. Bf2 {[%clk 0:02:48]}  b5 {[%clk 0:02:14]} 14. a3 {[%clk 0:02:39]}  Na5 {[%clk 0:02:11]} 15. e4 {[%clk 0:02:32]}  dxe4 {[%clk 0:02:09]} 16. Nxe4 {[%clk 0:02:33]}  Nxe4 {[%clk 0:02:07]} 17. Bxe4 {[%clk 0:02:34]}  Bxe5 {[%clk 0:01:47]} 18. dxe5 {[%clk 0:02:18]}  Bc6 {[%clk 0:01:45]} 19. Qxd8 {[%clk 0:02:13]}  Rfxd8 {[%clk 0:01:46]} 20. Bxc6 {[%clk 0:01:37]}  Rxc6 {[%clk 0:01:45]} 21. Rxc6 {[%clk 0:01:35]}  Nxc6 {[%clk 0:01:46]} 22. Rc1 {[%clk 0:01:35]}  Nd4 {[%clk 0:01:39]} 23. Bxd4 {[%clk 0:01:28]}  Rxd4 {[%clk 0:01:40]} 24. Rc6 {[%clk 0:01:20]}  Rd1+ {[%clk 0:01:39]} 25. Kg2 {[%clk 0:01:17]}  Rd2+ {[%clk 0:01:40]} 26. Kh3 {[%clk 0:01:17]}  a5 {[%clk 0:01:36]} 27. b3 {[%clk 0:01:13]}  Ra2 {[%clk 0:01:11]} 28. Rb6 {[%clk 0:01:02]}  Rxa3 {[%clk 0:01:11]} 29. Rxb5 {[%clk 0:01:02]}  Ra2 {[%clk 0:01:10]} 30. Kg4 {[%clk 0:00:46]}  h5+ {[%clk 0:00:55]} 31. Kh3 {[%clk 0:00:33]}  Kg7 {[%clk 0:00:53]} 32. b4 {[%clk 0:00:30]}  a4 {[%clk 0:00:52]} 33. Rb8 {[%clk 0:00:29]}  Rb2 {[%clk 0:00:47]} 34. b5 {[%clk 0:00:28]}  a3 {[%clk 0:00:48]} 35. Ra8 {[%clk 0:00:27]}  a2 {[%clk 0:00:47]} 36. b6 {[%clk 0:00:27]}  g5 {[%clk 0:00:47]} 37. fxg5 {[%clk 0:00:26]}  Kg6 {[%clk 0:00:46]} 38. b7 {[%clk 0:00:25]}  Kxg5 {[%clk 0:00:39]} 39. Rxa2 {[%clk 0:00:23]}  Rxb7 {[%clk 0:00:39]} 40. Rf2 {[%clk 0:00:22]}  Rd7 {[%clk 0:00:33]} 41. Rf4 {[%clk 0:00:19]}  Kg6 {[%clk 0:00:32]} 42. Kh4 {[%clk 0:00:17]}  Rd5 {[%clk 0:00:32]} 43. Rf6+ {[%clk 0:00:16]}  Kg7 {[%clk 0:00:31]} 44. Rf1 {[%clk 0:00:13]}  Rxe5 {[%clk 0:00:31]} 45. h3 {[%clk 0:00:13]}  Kg6 {[%clk 0:00:28]} 46. g4 {[%clk 0:00:12]}  Re4 {[%clk 0:00:29]} 47. Rb1 {[%clk 0:00:12]}  e5 {[%clk 0:00:25]} 48. Rb8 {[%clk 0:00:11]}  hxg4 {[%clk 0:00:24]} 49. hxg4 {[%clk 0:00:11]}  f5 {[%clk 0:00:21]} 50. Rb6+ {[%clk 0:00:11]}  Kf7 {[%clk 0:00:19]} 51. Kg5 {[%clk 0:00:11]}  fxg4 {[%clk 0:00:20]} 52. Kf5 {[%clk 0:00:11]}  Rf4+ {[%clk 0:00:17]} 53. Kxe5 {[%clk 0:00:11]}  Rf1 {[%clk 0:00:18]} 54. Rb4 {[%clk 0:00:11]}  g3 {[%clk 0:00:15]} 55. Rg4 {[%clk 0:00:11]}  Rf3 {[%clk 0:00:14]} 56. Ke4 {[%clk 0:00:11]}  Ra3 {[%clk 0:00:13]} 57. Kf4 {[%clk 0:00:11]}  Kf6 {[%clk 0:00:13]} 58. Rxg3 {[%clk 0:00:11]}  Ra4+ {[%clk 0:00:14]} 59. Kf3 {[%clk 0:00:12]}  Kf5 {[%clk 0:00:15]} 60. Kg2 {[%clk 0:00:12]}  Ra2+ {[%clk 0:00:15]} 61. Kh3 {[%clk 0:00:12]}  Rf2 {[%clk 0:00:15]} 62. Rg2 {[%clk 0:00:12]}  Rf3+ {[%clk 0:00:15]} 63. Rg3 {[%clk 0:00:12]}  Rf1 {[%clk 0:00:16]} 64. Kg2 {[%clk 0:00:12]}  Ra1 {[%clk 0:00:15]} 65. Rc3 {[%clk 0:00:12]}  Ra2+ {[%clk 0:00:15]} 66. Kf3 {[%clk 0:00:12]}  Rh2 {[%clk 0:00:15]} 67. Rc5+ {[%clk 0:00:12]}  Kf6 {[%clk 0:00:14]} 68. Rc4 {[%clk 0:00:12]}  Rh3+ {[%clk 0:00:14]} 69. Ke4 {[%clk 0:00:12]}  Kg5 {[%clk 0:00:13]} 70. Rc5+ {[%clk 0:00:11]}  Kg4 {[%clk 0:00:13]} 71. Kd5 {[%clk 0:00:12]}  Rf3 {[%clk 0:00:13]} 72. Kc6 {[%clk 0:00:12]}  Rf6+ {[%clk 0:00:13]} 73. Kb5 {[%clk 0:00:13]}  Kf4 {[%clk 0:00:13]} 74. Rc6 {[%clk 0:00:13]}  Rf5+ {[%clk 0:00:13]} 75. Rc5 {[%clk 0:00:13]}  Rf8 {[%clk 0:00:14]} 76. Rc4+ {[%clk 0:00:14]}  Ke5 {[%clk 0:00:14]} 77. Kb4 {[%clk 0:00:15]}  Kd5 {[%clk 0:00:14]} 78. Rc2 {[%clk 0:00:14]}  Rb8+ {[%clk 0:00:12]} 79. Kc3 {[%clk 0:00:15]}  Ke4 {[%clk 0:00:11]} 80. Rb2 {[%clk 0:00:15]}  Rd8 {[%clk 0:00:09]} 81. Rb6 {[%clk 0:00:14]}  Rc8+ {[%clk 0:00:08]} 82. Kb4 {[%clk 0:00:14]}  Kd5 {[%clk 0:00:07]} 83. Rb7 {[%clk 0:00:14]}  Rc4+ {[%clk 0:00:07]} 84. Kb3 {[%clk 0:00:13]}  Rc5 {[%clk 0:00:08]} 85. Rh7 {[%clk 0:00:14]}  Kc6 {[%clk 0:00:08]} 86. Rh6+ {[%clk 0:00:13]}  Kb5 {[%clk 0:00:08]} 87. Rh3 {[%clk 0:00:14]}  Rg5 {[%clk 0:00:07]} 88. Rc3 {[%clk 0:00:14]}  Rg1 {[%clk 0:00:07]} 89. Re3 {[%clk 0:00:14]}  Rb1+ {[%clk 0:00:07]} 90. Kc2 {[%clk 0:00:14]}  Rg1 {[%clk 0:00:08]} 91. Re2 {[%clk 0:00:14]}  Rg5 {[%clk 0:00:08]} 92. Kd3 {[%clk 0:00:13]}  Rc5 {[%clk 0:00:09]} 93. Kd4 {[%clk 0:00:13]}  Rc4+ {[%clk 0:00:09]} 94. Kd3 {[%clk 0:00:13]}  Rc5 {[%clk 0:00:10]} 95. Re4 {[%clk 0:00:13]}  Rd5+ {[%clk 0:00:10]} 96. Rd4 {[%clk 0:00:14]}  Kc5 {[%clk 0:00:10]} 97. Rxd5+ {[%clk 0:00:14]}  Kxd5 {[%clk 0:00:11]} 1/2-1/2

[Event "April 9 Late 2024"]
[Site "Chess.com"]
[Date "2024.04.09"]
[Round "5"]
[White "Hubbard, Andrew"]
[Black "Hajiyev, Kanan"]
[Result "0-1"]
[Board "88"]
[WhiteFideId "2031787"]
[BlackFideId "13404148"]
[WhiteTitle "FM"]
[BlackTitle "FM"]
[WhiteElo "2434"]
[BlackElo "2611"]
[WhiteTeam "USA"]
[BlackTeam "AZE"]
[WhiteClock "0:00:00"]
[BlackClock "0:00:05"]
[Variant "Standard"]

1. d4 {[%clk 0:03:00]}  d5 {[%clk 0:03:00]} 2. c4 {[%clk 0:02:58]}  c6 {[%clk 0:03:00]} 3. Nf3 {[%clk 0:02:57]}  Nf6 {[%clk 0:03:01]} 4. e3 {[%clk 0:02:57]}  Bf5 {[%clk 0:03:00]} 5. Nc3 {[%clk 0:02:57]}  e6 {[%clk 0:03:01]} 6. Nh4 {[%clk 0:02:56]}  Be4 {[%clk 0:03:00]} 7. f3 {[%clk 0:02:50]}  Nh5 {[%clk 0:02:38]} 8. g3 {[%clk 0:02:46]}  Bg6 {[%clk 0:02:35]} 9. Bg2 {[%clk 0:02:36]}  Be7 {[%clk 0:02:26]} 10. Nxg6 {[%clk 0:02:34]}  hxg6 {[%clk 0:02:26]} 11. O-O {[%clk 0:02:33]}  Nd7 {[%clk 0:02:22]} 12. cxd5 {[%clk 0:02:24]}  cxd5 {[%clk 0:02:21]} 13. e4 {[%clk 0:02:25]}  Nb6 {[%clk 0:01:54]} 14. a4 {[%clk 0:02:08]}  a5 {[%clk 0:01:53]} 15. Qb3 {[%clk 0:02:00]}  dxe4 {[%clk 0:01:35]} 16. Qb5+ {[%clk 0:01:45]}  Kf8 {[%clk 0:01:33]} 17. Be3 {[%clk 0:01:35]}  exf3 {[%clk 0:01:14]} 18. Rxf3 {[%clk 0:01:34]}  Nf6 {[%clk 0:01:11]} 19. Raf1 {[%clk 0:01:10]}  Rh5 {[%clk 0:01:10]} 20. Qe2 {[%clk 0:01:00]}  Nbd5 {[%clk 0:00:59]} 21. Nxd5 {[%clk 0:00:53]}  Rxd5 {[%clk 0:00:56]} 22. R3f2 {[%clk 0:00:41]}  Rd7 {[%clk 0:00:49]} 23. g4 {[%clk 0:00:40]}  Bb4 {[%clk 0:00:33]} 24. d5 {[%clk 0:00:14]}  Nxd5 {[%clk 0:00:29]} 25. Bxd5 {[%clk 0:00:12]}  exd5 {[%clk 0:00:30]} 26. Qd3 {[%clk 0:00:12]}  Kg8 {[%clk 0:00:26]} 27. Bd4 {[%clk 0:00:11]}  Qg5 {[%clk 0:00:21]} 28. Qg3 {[%clk 0:00:10]}  Bd6 {[%clk 0:00:19]} 29. Qg2 {[%clk 0:00:10]}  Re8 {[%clk 0:00:13]} 30. Rf3 {[%clk 0:00:10]}  Re4 {[%clk 0:00:13]} 31. Bf2 {[%clk 0:00:09]}  Rxg4 {[%clk 0:00:11]} 32. Bg3 {[%clk 0:00:09]}  Bxg3 {[%clk 0:00:11]} 33. hxg3 {[%clk 0:00:10]}  d4 {[%clk 0:00:11]} 34. Rd3 {[%clk 0:00:08]}  Qd5 {[%clk 0:00:07]} 35. Qf2 {[%clk 0:00:07]}  Rg5 {[%clk 0:00:07]} 36. Re1 {[%clk 0:00:07]}  Rf5 {[%clk 0:00:07]} 37. Re8+ {[%clk 0:00:07]}  Kh7 {[%clk 0:00:07]} 38. Qe2 {[%clk 0:00:05]}  Rh5 {[%clk 0:00:07]} 39. g4 {[%clk 0:00:04]}  Qh1+ {[%clk 0:00:06]} 40. Kf2 {[%clk 0:00:04]}  Rh2+ {[%clk 0:00:07]} 41. Kg3 {[%clk 0:00:00]}  Rxe2 {[%clk 0:00:05]} 0-1

[Event "April 9 Late 2024"]
[Site "Chess.com"]
[Date "2024.04.09"]
[Round "5"]
[White "Palencia Morales, Wilson Guillermo"]
[Black "Jegorovas, Aleksandras"]
[Result "1-0"]
[Board "89"]
[WhiteFideId "4401859"]
[BlackFideId "12801950"]
[WhiteTitle "IM"]
[BlackTitle "FM"]
[WhiteElo "2606"]
[BlackElo "2429"]
[WhiteTeam "COL"]
[BlackTeam "LTU"]
[WhiteClock "0:00:25"]
[BlackClock "0:00:35"]
[Variant "Standard"]

1. d4 {[%clk 0:02:56]}  d5 {[%clk 0:02:58]} 2. c4 {[%clk 0:02:56]}  e6 {[%clk 0:02:56]} 3. Nf3 {[%clk 0:02:57]}  c5 {[%clk 0:02:55]} 4. cxd5 {[%clk 0:02:54]}  exd5 {[%clk 0:02:55]} 5. Nc3 {[%clk 0:02:53]}  Nf6 {[%clk 0:02:55]} 6. Bg5 {[%clk 0:02:53]}  Be6 {[%clk 0:02:50]} 7. e3 {[%clk 0:02:53]}  Nc6 {[%clk 0:02:48]} 8. Bb5 {[%clk 0:02:50]}  cxd4 {[%clk 0:02:28]} 9. Nxd4 {[%clk 0:02:48]}  Bd7 {[%clk 0:02:27]} 10. O-O {[%clk 0:02:43]}  Be7 {[%clk 0:02:20]} 11. Bxf6 {[%clk 0:02:40]}  Bxf6 {[%clk 0:02:19]} 12. Nxd5 {[%clk 0:02:32]}  Bxd4 {[%clk 0:02:18]} 13. exd4 {[%clk 0:02:29]}  O-O {[%clk 0:02:19]} 14. Bxc6 {[%clk 0:02:21]}  Bxc6 {[%clk 0:02:17]} 15. Nc3 {[%clk 0:02:17]}  Qg5 {[%clk 0:02:15]} 16. d5 {[%clk 0:02:01]}  Rad8 {[%clk 0:02:14]} 17. f4 {[%clk 0:02:01]}  Qe7 {[%clk 0:02:06]} 18. Qd4 {[%clk 0:01:49]}  Qd6 {[%clk 0:01:35]} 19. Qxa7 {[%clk 0:01:43]}  Bxd5 {[%clk 0:01:30]} 20. Rad1 {[%clk 0:01:42]}  Qc6 {[%clk 0:01:26]} 21. Nxd5 {[%clk 0:01:33]}  Rxd5 {[%clk 0:01:25]} 22. Rxd5 {[%clk 0:01:31]}  Qxd5 {[%clk 0:01:24]} 23. b3 {[%clk 0:01:29]}  h5 {[%clk 0:01:22]} 24. Qf2 {[%clk 0:01:27]}  Re8 {[%clk 0:01:16]} 25. h3 {[%clk 0:01:26]}  Qe4 {[%clk 0:01:11]} 26. Kh2 {[%clk 0:01:25]}  Rc8 {[%clk 0:01:09]} 27. Re1 {[%clk 0:01:23]}  Qf5 {[%clk 0:01:07]} 28. Re5 {[%clk 0:01:22]}  Qb1 {[%clk 0:01:01]} 29. Rxh5 {[%clk 0:01:03]}  Qd1 {[%clk 0:01:00]} 30. Re5 {[%clk 0:00:58]}  g6 {[%clk 0:00:58]} 31. Qe2 {[%clk 0:00:54]}  Qd4 {[%clk 0:00:56]} 32. Re8+ {[%clk 0:00:52]}  Rxe8 {[%clk 0:00:53]} 33. Qxe8+ {[%clk 0:00:53]}  Kh7 {[%clk 0:00:52]} 34. Qxf7+ {[%clk 0:00:53]}  Kh8 {[%clk 0:00:52]} 35. Qe8+ {[%clk 0:00:39]}  Kh7 {[%clk 0:00:51]} 36. Qe5 {[%clk 0:00:40]}  Qf2 {[%clk 0:00:49]} 37. a4 {[%clk 0:00:34]}  b5 {[%clk 0:00:48]} 38. axb5 {[%clk 0:00:33]}  g5 {[%clk 0:00:47]} 39. Qf5+ {[%clk 0:00:31]}  Kh8 {[%clk 0:00:47]} 40. Qxg5 {[%clk 0:00:29]}  Qe3 {[%clk 0:00:35]} 41. Qe5+ {[%clk 0:00:25]} 1-0

[Event "April 9 Late 2024"]
[Site "Chess.com"]
[Date "2024.04.09"]
[Round "5"]
[White "Bernotas, Arturs"]
[Black "Zampronha, Wladimir Camilo"]
[Result "1-0"]
[Board "91"]
[WhiteFideId "11601426"]
[BlackFideId "2103087"]
[WhiteTitle "FM"]
[WhiteElo "2601"]
[BlackElo "2421"]
[WhiteTeam "LAT"]
[BlackTeam "BRA"]
[WhiteClock "0:00:09"]
[BlackClock "0:00:00"]
[Variant "Standard"]

1. e4 {[%clk 0:02:56]}  c5 {[%clk 0:02:59]} 2. Nf3 {[%clk 0:02:56]}  e6 {[%clk 0:03:00]} 3. c3 {[%clk 0:02:56]}  Nf6 {[%clk 0:02:58]} 4. e5 {[%clk 0:02:55]}  Nd5 {[%clk 0:02:58]} 5. g3 {[%clk 0:02:55]}  d6 {[%clk 0:02:58]} 6. exd6 {[%clk 0:02:54]}  Bxd6 {[%clk 0:02:57]} 7. d4 {[%clk 0:02:55]}  O-O {[%clk 0:02:55]} 8. Bg2 {[%clk 0:02:54]}  Nc6 {[%clk 0:02:52]} 9. O-O {[%clk 0:02:53]}  Nf6 {[%clk 0:02:51]} 10. dxc5 {[%clk 0:02:47]}  Bxc5 {[%clk 0:02:50]} 11. Qe2 {[%clk 0:02:48]}  Qe7 {[%clk 0:02:49]} 12. Nbd2 {[%clk 0:02:47]}  Bd7 {[%clk 0:02:43]} 13. Nb3 {[%clk 0:02:47]}  Bb6 {[%clk 0:02:39]} 14. Be3 {[%clk 0:02:46]}  Bxe3 {[%clk 0:02:21]} 15. Qxe3 {[%clk 0:02:47]}  Rfd8 {[%clk 0:02:12]} 16. Rfd1 {[%clk 0:02:42]}  Be8 {[%clk 0:02:12]} 17. Nfd4 {[%clk 0:02:23]}  Nxd4 {[%clk 0:02:00]} 18. Nxd4 {[%clk 0:02:07]}  Qc7 {[%clk 0:01:51]} 19. Rd2 {[%clk 0:02:01]}  Nd5 {[%clk 0:01:41]} 20. Qe2 {[%clk 0:01:32]}  Nb6 {[%clk 0:01:32]} 21. Rad1 {[%clk 0:00:55]}  h6 {[%clk 0:01:20]} 22. Qg4 {[%clk 0:00:29]}  Nc4 {[%clk 0:00:59]} 23. Nxe6 {[%clk 0:00:29]}  fxe6 {[%clk 0:00:53]} 24. Rxd8 {[%clk 0:00:29]}  Rxd8 {[%clk 0:00:52]} 25. Rxd8 {[%clk 0:00:30]}  Qxd8 {[%clk 0:00:52]} 26. Qxc4 {[%clk 0:00:30]}  Qd1+ {[%clk 0:00:29]} 27. Bf1 {[%clk 0:00:30]}  Bd7 {[%clk 0:00:29]} 28. Qd3 {[%clk 0:00:29]}  Qxd3 {[%clk 0:00:26]} 29. Bxd3 {[%clk 0:00:29]}  Kf8 {[%clk 0:00:25]} 30. f4 {[%clk 0:00:29]}  Ke7 {[%clk 0:00:25]} 31. Kf2 {[%clk 0:00:30]}  Kd6 {[%clk 0:00:25]} 32. Ke3 {[%clk 0:00:30]}  e5 {[%clk 0:00:20]} 33. f5 {[%clk 0:00:30]}  b5 {[%clk 0:00:16]} 34. g4 {[%clk 0:00:29]}  a5 {[%clk 0:00:15]} 35. h4 {[%clk 0:00:30]}  b4 {[%clk 0:00:15]} 36. cxb4 {[%clk 0:00:29]}  axb4 {[%clk 0:00:16]} 37. a3 {[%clk 0:00:30]}  bxa3 {[%clk 0:00:15]} 38. bxa3 {[%clk 0:00:31]}  Bc6 {[%clk 0:00:13]} 39. Be4 {[%clk 0:00:25]}  Bd7 {[%clk 0:00:12]} 40. g5 {[%clk 0:00:26]}  hxg5 {[%clk 0:00:12]} 41. hxg5 {[%clk 0:00:27]}  Be8 {[%clk 0:00:09]} 42. Kd3 {[%clk 0:00:26]}  Kc5 {[%clk 0:00:07]} 43. Kc3 {[%clk 0:00:26]}  Bd7 {[%clk 0:00:04]} 44. Bc2 {[%clk 0:00:25]}  Kd5 {[%clk 0:00:01]} 45. a4 {[%clk 0:00:13]}  e4 {[%clk 0:00:02]} 46. f6 {[%clk 0:00:07]}  gxf6 {[%clk 0:00:03]} 47. g6 {[%clk 0:00:08]}  f5 {[%clk 0:00:01]} 48. g7 {[%clk 0:00:07]}  Be6 {[%clk 0:00:01]} 49. Bb3+ {[%clk 0:00:08]}  Kd6 {[%clk 0:00:01]} 50. Bxe6 {[%clk 0:00:08]}  Kxe6 {[%clk 0:00:00]} 51. g8=Q+ {[%clk 0:00:09]} 1-0

[Event "April 9 Late 2024"]
[Site "Chess.com"]
[Date "2024.04.09"]
[Round "5"]
[White "Semenenko, Dmytry"]
[Black "Yagupov, Igor"]
[Result "0-1"]
[Board "95"]
[WhiteFideId "14118645"]
[BlackFideId "4113632"]
[BlackTitle "GM"]
[WhiteElo "2408"]
[BlackElo "2586"]
[WhiteTeam "UKR"]
[BlackTeam "RUS"]
[WhiteClock "0:00:23"]
[BlackClock "0:00:35"]
[Variant "Standard"]

1. Nf3 {[%clk 0:03:00]}  d5 {[%clk 0:02:57]} 2. c4 {[%clk 0:03:00]}  c6 {[%clk 0:02:56]} 3. e3 {[%clk 0:03:00]}  Nf6 {[%clk 0:02:55]} 4. Nc3 {[%clk 0:03:01]}  e6 {[%clk 0:02:55]} 5. d4 {[%clk 0:03:01]}  Nbd7 {[%clk 0:02:54]} 6. Bd3 {[%clk 0:03:01]}  dxc4 {[%clk 0:02:54]} 7. Bxc4 {[%clk 0:03:01]}  b5 {[%clk 0:02:54]} 8. Bd3 {[%clk 0:03:02]}  a6 {[%clk 0:02:55]} 9. O-O {[%clk 0:03:02]}  c5 {[%clk 0:02:55]} 10. Qe2 {[%clk 0:03:02]}  Bb7 {[%clk 0:02:54]} 11. Rd1 {[%clk 0:03:02]}  Qb8 {[%clk 0:02:53]} 12. e4 {[%clk 0:02:56]}  cxd4 {[%clk 0:02:52]} 13. Nxd4 {[%clk 0:02:56]}  Bd6 {[%clk 0:02:51]} 14. g3 {[%clk 0:02:46]}  Nc5 {[%clk 0:02:50]} 15. Ndxb5 {[%clk 0:02:40]}  axb5 {[%clk 0:02:45]} 16. Bxb5+ {[%clk 0:02:39]}  Kf8 {[%clk 0:02:33]} 17. Rxd6 {[%clk 0:02:34]}  Qxd6 {[%clk 0:02:31]} 18. e5 {[%clk 0:02:34]}  Qd4 {[%clk 0:02:16]} 19. exf6 {[%clk 0:02:33]}  Qxf6 {[%clk 0:02:14]} 20. Be3 {[%clk 0:02:28]}  Na6 {[%clk 0:01:58]} 21. Rd1 {[%clk 0:02:23]}  Qf3 {[%clk 0:01:54]} 22. Qxf3 {[%clk 0:02:17]}  Bxf3 {[%clk 0:01:54]} 23. Rd6 {[%clk 0:02:10]}  Nc7 {[%clk 0:01:48]} 24. Bc5 {[%clk 0:02:04]}  Kg8 {[%clk 0:01:47]} 25. Bc6 {[%clk 0:01:55]}  Bxc6 {[%clk 0:01:34]} 26. Rxc6 {[%clk 0:01:56]}  Nd5 {[%clk 0:01:33]} 27. Nxd5 {[%clk 0:01:46]}  exd5 {[%clk 0:01:33]} 28. Rd6 {[%clk 0:01:46]}  h5 {[%clk 0:01:31]} 29. a3 {[%clk 0:01:44]}  h4 {[%clk 0:01:30]} 30. Rxd5 {[%clk 0:01:43]}  Rh6 {[%clk 0:01:23]} 31. Be3 {[%clk 0:01:29]}  Rg6 {[%clk 0:01:16]} 32. Kg2 {[%clk 0:01:22]}  hxg3 {[%clk 0:01:15]} 33. hxg3 {[%clk 0:01:23]}  Rc6 {[%clk 0:01:14]} 34. Bd4 {[%clk 0:01:20]}  Rc2 {[%clk 0:01:12]} 35. Rg5 {[%clk 0:01:16]}  g6 {[%clk 0:00:57]} 36. Rg4 {[%clk 0:01:16]}  Ra5 {[%clk 0:00:50]} 37. Rh4 {[%clk 0:01:11]}  Rh5 {[%clk 0:00:48]} 38. Rxh5 {[%clk 0:01:07]}  gxh5 {[%clk 0:00:48]} 39. Bc3 {[%clk 0:01:05]}  f5 {[%clk 0:00:42]} 40. a4 {[%clk 0:01:05]}  Rc1 {[%clk 0:00:40]} 41. a5 {[%clk 0:01:04]}  Ra1 {[%clk 0:00:40]} 42. b4 {[%clk 0:01:03]}  Ra3 {[%clk 0:00:39]} 43. Bb2 {[%clk 0:00:56]}  Rb3 {[%clk 0:00:35]} 44. a6 {[%clk 0:00:23]}  Rxb2 {[%clk 0:00:35]} 0-1

[Event "April 9 Late 2024"]
[Site "Chess.com"]
[Date "2024.04.09"]
[Round "5"]
[White "Storn, Justin"]
[Black "Bilan, Danila"]
[Result "1-0"]
[Board "96"]
[WhiteFideId "30922720"]
[BlackFideId "24161918"]
[BlackTitle "FM"]
[WhiteElo "2402"]
[BlackElo "2583"]
[WhiteTeam "USA"]
[BlackTeam "RUS"]
[WhiteClock "0:00:30"]
[BlackClock "0:00:04"]
[Variant "Standard"]

1. e4 {[%clk 0:02:59]}  c5 {[%clk 0:02:59]} 2. c3 {[%clk 0:02:58]}  d5 {[%clk 0:02:56]} 3. exd5 {[%clk 0:02:58]}  Qxd5 {[%clk 0:02:56]} 4. Nf3 {[%clk 0:02:58]}  Nf6 {[%clk 0:02:56]} 5. Na3 {[%clk 0:02:58]}  Nc6 {[%clk 0:02:48]} 6. d4 {[%clk 0:02:57]}  cxd4 {[%clk 0:02:43]} 7. Nb5 {[%clk 0:02:57]}  Qd8 {[%clk 0:02:25]} 8. Nbxd4 {[%clk 0:02:53]}  Nxd4 {[%clk 0:02:21]} 9. Qxd4 {[%clk 0:02:50]}  Qxd4 {[%clk 0:02:20]} 10. Nxd4 {[%clk 0:02:51]}  Bd7 {[%clk 0:02:03]} 11. Bf4 {[%clk 0:02:37]}  O-O-O {[%clk 0:01:51]} 12. O-O-O {[%clk 0:02:25]}  Ne4 {[%clk 0:01:38]} 13. Nb5 {[%clk 0:02:15]}  Bxb5 {[%clk 0:01:13]} 14. Rxd8+ {[%clk 0:02:16]}  Kxd8 {[%clk 0:01:13]} 15. Bxb5 {[%clk 0:02:17]}  Nd6 {[%clk 0:00:55]} 16. Rd1 {[%clk 0:01:38]}  Kc8 {[%clk 0:00:50]} 17. Be2 {[%clk 0:01:32]}  f6 {[%clk 0:00:33]} 18. Bg4+ {[%clk 0:01:30]}  Kc7 {[%clk 0:00:32]} 19. Be6 {[%clk 0:01:30]}  g5 {[%clk 0:00:19]} 20. Bg3 {[%clk 0:01:30]}  h5 {[%clk 0:00:19]} 21. h3 {[%clk 0:01:29]}  Bh6 {[%clk 0:00:17]} 22. Kc2 {[%clk 0:01:18]}  Rd8 {[%clk 0:00:17]} 23. c4 {[%clk 0:01:17]}  b6 {[%clk 0:00:13]} 24. b4 {[%clk 0:01:17]}  Kc6 {[%clk 0:00:07]} 25. Kb3 {[%clk 0:00:31]}  h4 {[%clk 0:00:04]} 26. Bh2 {[%clk 0:00:31]}  a5 {[%clk 0:00:04]} 27. a3 {[%clk 0:00:30]}  axb4 {[%clk 0:00:05]} 28. axb4 {[%clk 0:00:31]}  Ra8 {[%clk 0:00:04]} 29. Bd5+ {[%clk 0:00:30]} 1-0